000 00663cam a2200193 4500500
005 20260405004034.0
041 _afre
042 _adc
100 1 0 _aLarmagnac-Matheron, Octave
_eauthor
245 0 0 _aOlympe de Gouges : Déclaration des droits de la femme et de la citoyenne
260 _c2019.
500 _a76
690 _aDroits
690 _aFemmes
690 _aMoeurs
690 _aOlympe de Gouges
786 0 _nPhilosophie magazine - Hors séries | Hors-série Autome-Hiver 2019 | HS43 | 2019-10-01 | p. 19-27 | 2104-9246
856 4 1 _uhttps://shs.cairn.info/magazine-philosophie-magazine-2019-9-12-page-19?lang=fr&redirect-ssocas=7080
999 _c2073147
_d2073147